000 00363nam a2200145Ia 4500
008 150201s2006 xx 000 0 und d
082 _a617.6
_bG2006A
100 _aAGARWAL,AMIT
245 _aGUIDE TO HEAD & SPINE INJURIES.
250 _a1ST
260 _bPARAS PUBLISHING
_aHYDERABAD
_c2006
300 _a1-230
650 _aGENERAL DENTISTRY
942 _2ddc
_cBK
999 _c4779
_d4779